Report of the central wage board for non- journal list employees of newspaper industry (Record no. 495965)

000 -LEADER
fixed length control field 00374cam a22001097a 4500
008 - FIXED-LENGTH DATA ELEMENTS--GENERAL INFORMATION
fixed length control field 180718b xxu||||| |||| 00| 0 eng d
082 ## - DEWEY DECIMAL CLASSIFICATION NUMBER
Classification number R22x54 In2 N-Jq
245 ## - TITLE STATEMENT
Title Report of the central wage board for non- journal list employees of newspaper industry
Statement of responsibility, etc. by Ministry of Labour
260 ## - PUBLICATION, DISTRIBUTION, ETC.
Place of publication, distribution, etc. New Delhi
Name of publisher, distributor, etc. Government of India
Date of publication, distribution, etc.
300 ## - PHYSICAL DESCRIPTION
Extent 33p
700 ## - ADDED ENTRY--PERSONAL NAME
Personal name India. Ministry of Labour
Holdings
Withdrawn status Lost status Damaged status Not for loan Permanent Location Current Location Date acquired Full call number Barcode Date last seen Price effective from Koha item type
        Indian Institute of Public Administration Indian Institute of Public Administration 2018-08-04 R22x54 In2 N-Jq GG9452 2018-08-04 2018-08-04 GG

Powered by Koha